000
00283nam a2200109Ia 4500
001
587510
005
20250717113817.0
008
250717s9999 xx 000 0 und d
245
0
_a
X-10 HAREKET HALİNDEKİ HAYVANLAR
_c
RUTH A. MUSGRAVE
260
_b
BETA YAYINLARI
_c
2020
300
_b
25
999
_c
587510
_d
587510